00898nam a2200217 i 450000100060000000300090000600500170001500700030003200800410003524500830007626000290015930000280018850502020021661000370041865000450045570000340050070000410053470000490057570000320062485200240065644430ES-MaACL20250811030341.0t|030321s1961 sp ||||1| spa d00aCódigo civil / cPedro de Apalategui y Ocejo (Quintus Mucius Scaevola, sed). aMadrid : bReus, c1961. a2 t. en 3 v. ; c21 cm.8 aContiene: XXXI. Comentado y concordado, redactado por Pascual Marín Pérez y José Mª Álvarez de Miranda y Torres - XXXII. Redactado por José María Reyes Monterreal, 2 v., publ. en 196514aEspaña. tCódigo civil, 188904aDerecho civil-zEspaña-vLegislación1 aApalategui y Ocejo, Pedro de.1 aMarín Pérez, Pascual,d1917-19911 aAlvarez de Miranda y Torres, José María.1 aMonterreal, José María. aES-MaACLjE-4180-82